[Event "Rubinstein Memorial op-D 57th"]
[Site "Polanica Zdroj"]
[Date "2021.08.22"]
[Round "9"]
[White "Sleczka, Krzysztof"]
[Black "Hryn, Zofia"]
[Result "1/2-1/2"]
[WhiteElo "1420"]
[BlackElo "1592"]
[PlyCount "35"]
[EventDate "2021.08.14"]
[EventType "swiss"]
[EventRounds "9"]
[EventCountry "POL"]
[SourceTitle "CBM 204 Extra"]
[Source "ChessBase"]
[SourceDate "2021.11.30"]
[SourceVersion "1"]
[SourceVersionDate "2021.11.30"]
[SourceQuality "1"]

1. e4 c5 2. Nf3 e6 3. d4 cxd4 4. Nxd4 a6 5. c4 Qc7 6. Nc3 Nf6 7. Bd3 Be7 8. 0-0 Nc6 9. Be3 0-0 10. Qe2 Bb4 11. f4 e5 12. Nf5 d6 13. Nd5 Nxd5 14. exd5 Ne7 15. fxe5 Bxf5 16. Bxf5 Nxf5 17. Rxf5 dxe5 18. Raf1 1/2-1/2

[Event "Rubinstein Memorial op-D 57th"]
[Site "Polanica Zdroj"]
[Date "2021.08.16"]
[Round "3"]
[White "Hryn, Zofia"]
[Black "Witkowski, Krzysztof"]
[Result "1/2-1/2"]
[WhiteElo "1592"]
[BlackElo "1776"]
[PlyCount "104"]
[EventDate "2021.08.14"]
[EventType "swiss"]
[EventRounds "9"]
[EventCountry "POL"]
[SourceTitle "CBM 204 Extra"]
[Source "ChessBase"]
[SourceDate "2021.11.30"]
[SourceVersion "1"]
[SourceVersionDate "2021.11.30"]
[SourceQuality "1"]

1. d4 d5 2. c4 e6 3. Nf3 c6 4. Nc3 f5 5. Bg5 Be7 6. Bf4 Nf6 7. e3 0-0 8. h3 Ne4 9. Bd3 Nd7 10. Ne5 Nxe5 11. Bxe5 Bd6 12. Bxd6 Qxd6 13. Qe2 b6 14. a3 Ba6 15. Qc2 Rf6 16. Be2 Bb7 17. Bf1 Kh8 18. Ne2 dxc4 19. Qxc4 c5 20. dxc5 Nxc5 21. Rd1 Qe7 22. Nf4 Rd8 23. Rxd8+ Qxd8 24. Be2 e5 25. Nh5 Rf8 26. 0-0 g6 27. Ng3 Qf6 28. b4 Ne4 29. Nxe4 Bxe4 30. Bd3 Bb7 31. Qc7 Qg7 32. Qxg7+ Kxg7 33. Rc1 Rc8 34. Rxc8 Bxc8 35. e4 Kf6 36. Kf1 Bb7 37. f3 f4 38. Kf2 Kg5 39. Bc4 Bc8 40. Bg8 h5 41. Bc4 Kh4 42. Be2 g5 43. Bd1 g4 44. hxg4 hxg4 45. Be2 g3+ 46. Ke1 Kg5 47. Kd2 Kf6 48. Kc3 Ke6 49. b5 Kd6 50. Kb4 Bh3 51. Bf1 Be6 52. Bc4 Bh3 1/2-1/2

[Event "POL-chT U19 2nd League"]
[Site "Iwonicz"]
[Date "2016.07.31"]
[Round "6.53"]
[White "Parol, Pola"]
[Black "Hryn, Zofia"]
[Result "1-0"]
[WhiteElo "1817"]
[BlackElo "1531"]
[PlyCount "69"]
[EventDate "2016.07.23"]
[EventType "team-swiss"]
[EventRounds "11"]
[EventCountry "POL"]
[SourceTitle "EXT 2019"]
[Source "ChessBase"]
[SourceDate "2018.10.10"]
[SourceVersion "1"]
[SourceVersionDate "2018.10.10"]
[SourceQuality "1"]
[WhiteTeam "Minsk Mazowiecki MTSz U19"]
[BlackTeam "Gliwice Akademia Szachowa U19"]
[WhiteTeamCountry "POL"]
[BlackTeamCountry "POL"]

1. e4 c5 2. Nf3 d6 3. d4 cxd4 4. Nxd4 Nf6 5. Nc3 a6 6. Nb3 Nc6 7. Be3 e5 8. Nd5 Nxd5 9. exd5 Ne7 10. f4 Nf5 11. Qf3 Qf6 12. Bf2 exf4 13. 0-0-0 Be7 14. Bd3 0-0 15. Kb1 Nh4 16. Qe4 Ng6 17. h4 Bg4 18. Bd4 Bf5 19. Qxf5 Qxf5 20. Bxf5 Nxh4 21. Bd3 Ng6 22. Rdf1 b5 23. Na5 Rac8 24. Nc6 Rc7 25. c4 h6 26. cxb5 axb5 27. Bxb5 Rb7 28. a4 Ra8 29. b4 f6 30. Rh3 Bd8 31. Nxd8 Rxd8 32. Bc3 Ne7 33. Bc6 Rc7 34. b5 Rb8 35. Kc2 1-0

[Event "POL-chT U19 2nd League"]
[Site "Iwonicz"]
[Date "2015.08.01"]
[Round "8.35"]
[White "Hryn, Zofia"]
[Black "Rogacka, Natalia"]
[Result "0-1"]
[WhiteElo "1336"]
[BlackElo "1657"]
[PlyCount "58"]
[EventDate "2015.07.25"]
[EventType "team-swiss"]
[EventRounds "11"]
[EventCountry "POL"]
[SourceTitle "EXT 2019"]
[Source "ChessBase"]
[SourceDate "2018.10.10"]
[SourceVersion "1"]
[SourceVersionDate "2018.10.10"]
[SourceQuality "1"]
[WhiteTeam "Gliwice Akademia Szachowa U19"]
[BlackTeam "Wroclaw MUKS MDK Fabryczna U19"]
[WhiteTeamCountry "POL"]
[BlackTeamCountry "POL"]

1. e4 e5 2. Nf3 Nf6 3. Nxe5 d6 4. Nc4 Nxe4 5. Nc3 Nxc3 6. bxc3 g6 7. g3 Bg7 8. Bg2 0-0 9. 0-0 d5 10. Ne3 c6 11. Rb1 Nd7 12. Re1 Nf6 13. d4 Re8 14. Ba3 Ne4 15. Qd3 Rb8 16. c4 Qf6 17. f3 Ng5 18. c3 dxc4 19. Qxc4 Nxf3+ 20. Bxf3 Qxf3 21. Ng2 Bh3 22. Nh4 Qf6 23. Rxe8+ Rxe8 24. Ng2 Qf3 25. Qf1 Qxc3 26. Rxb7 Bxd4+ 27. Kh1 f5 28. Bb4 Qc2 29. Re7 Rxe7 0-1

[Event "POL-ch U14 Girls"]
[Site "Suwalki"]
[Date "2015.04.12"]
[Round "7"]
[White "Choinska, Debora"]
[Black "Hryn, Zofia"]
[Result "1-0"]
[WhiteElo "1375"]
[BlackElo "1298"]
[PlyCount "109"]
[EventDate "2015.04.08"]
[EventType "swiss"]
[EventRounds "9"]
[EventCountry "POL"]
[SourceTitle "EXT 2017"]
[Source "ChessBase"]
[SourceDate "2016.10.25"]
[SourceVersion "1"]
[SourceVersionDate "2016.10.25"]
[SourceQuality "1"]

1. e4 c5 2. Nf3 d6 3. d4 cxd4 4. Nxd4 Nf6 5. Nc3 a6 6. a4 e6 7. Bd3 Be7 8. 0-0 0-0 9. Kh1 Nc6 10. Nb3 Qc7 11. f4 b6 12. Bd2 Bb7 13. Qe2 Rfe8 14. Qf3 Nb4 15. Qg3 Nxd3 16. cxd3 Nh5 17. Qh3 Nf6 18. Nd4 e5 19. Nf5 Bc8 20. Rac1 Qb7 21. fxe5 dxe5 22. Nxe7+ Qxe7 23. Qg3 Bb7 24. Bg5 Kh8 25. Qh4 Rab8 26. Bxf6 gxf6 27. Qxf6+ Qxf6 28. Rxf6 Kg7 29. Rcf1 Re7 30. Rxb6 Re6 31. Rxe6 fxe6 32. Kg1 Bc6 33. Rb1 Rb3 34. Kf2 Kg6 35. Ke2 Kg5 36. Kd2 Kg4 37. Kc2 Rb4 38. b3 h5 39. Rf1 Rb7 40. Rf6 Re7 41. b4 Be8 42. b5 axb5 43. axb5 Rf7 44. Rxf7 Bxf7 45. b6 h4 46. b7 h3 47. gxh3+ Kf3 48. b8Q Kf4 49. Qf8 Ke3 50. Qxf7 Kd4 51. Qxe6 Ke3 52. Nd1+ Ke2 53. Qg4+ Ke1 54. Qg1+ Ke2 55. Qf2# 1-0

[Event "POL-ch U14 Girls"]
[Site "Suwalki"]
[Date "2015.04.09"]
[Round "3"]
[White "Hryn, Zofia"]
[Black "Bilczewska, Olga"]
[Result "0-1"]
[WhiteElo "1298"]
[BlackElo "1558"]
[PlyCount "44"]
[EventDate "2015.04.08"]
[EventType "swiss"]
[EventRounds "9"]
[EventCountry "POL"]
[SourceTitle "EXT 2017"]
[Source "ChessBase"]
[SourceDate "2016.10.25"]
[SourceVersion "1"]
[SourceVersionDate "2016.10.25"]
[SourceQuality "1"]

1. e4 e5 2. Nf3 Nc6 3. Bb5 a6 4. Ba4 Nf6 5. 0-0 Nxe4 6. d4 exd4 7. Re1 d5 8. Nxd4 Bd6 9. Nxc6 Bxh2+ 10. Kf1 Qh4 11. Qf3 0-0 12. Ne7+ Qxe7 13. Nc3 Qh4 14. Nxe4 Bg4 15. Qd3 dxe4 16. Qxe4 Bd6 17. g3 Qh5 18. Be3 b5 19. Bb3 Rae8 20. Qg2 Bh3 21. Kg1 Bxg2 22. Kxg2 Bc5 0-1

[Event "POL-chT U19 2nd League"]
[Site "Szczyrk"]
[Date "2014.07.30"]
[Round "8.59"]
[White "Hryn, Zofia"]
[Black "Sekowska, Helena"]
[Result "0-1"]
[WhiteElo "1320"]
[BlackElo "1489"]
[PlyCount "54"]
[EventDate "2014.07.25"]
[EventType "team-swiss"]
[EventRounds "11"]
[EventCountry "POL"]
[SourceTitle "EXT 2015"]
[Source "ChessBase"]
[SourceDate "2014.11.20"]
[SourceVersion "1"]
[SourceVersionDate "2014.11.20"]
[SourceQuality "1"]
[WhiteTeam "Gliwice Akademia Szachowa U19"]
[BlackTeam "Wroclaw MUKS MDK Srodmiescie U19 II"]
[WhiteTeamCountry "POL"]
[BlackTeamCountry "POL"]

1. e4 c5 2. Nf3 e6 3. d4 cxd4 4. Nxd4 Nf6 5. Nc3 Nc6 6. Ndb5 Bb4 7. a3 Bxc3+ 8. Nxc3 d5 9. exd5 exd5 10. Bd3 d4 11. Ne2 0-0 12. 0-0 a6 13. Bg5 Re8 14. Re1 b5 15. Qd2 h6 16. Bh4 Bb7 17. Rad1 Rc8 18. Bf5 Rc7 19. Nxd4 Rxe1+ 20. Rxe1 Nxd4 21. Bxf6 gxf6 22. Bd3 Kg7 23. Re3 Rc5 24. Rh3 Rg5 25. f4 Rxg2+ 26. Qxg2+ Bxg2 27. Kxg2 Qd5+ 0-1

[Event "POL-chT U19 2nd League"]
[Site "Szczyrk"]
[Date "2014.07.28"]
[Round "6.77"]
[White "Kordela, Monika"]
[Black "Hryn, Zofia"]
[Result "0-1"]
[WhiteElo "1342"]
[BlackElo "1320"]
[PlyCount "110"]
[EventDate "2014.07.25"]
[EventType "team-swiss"]
[EventRounds "11"]
[EventCountry "POL"]
[SourceTitle "EXT 2015"]
[Source "ChessBase"]
[SourceDate "2014.11.20"]
[SourceVersion "1"]
[SourceVersionDate "2014.11.20"]
[SourceQuality "1"]
[WhiteTeam "Jastrzebie Zdroj Pionier U19"]
[BlackTeam "Gliwice Akademia Szachowa U19"]
[WhiteTeamCountry "POL"]
[BlackTeamCountry "POL"]

1. d4 d5 2. c4 c6 3. Nc3 Nf6 4. Nf3 e6 5. Bg5 h6 6. Bh4 Nbd7 7. e3 dxc4 8. Bxc4 Nb6 9. Bd3 Bd6 10. e4 Bc7 11. e5 g5 12. Nxg5 hxg5 13. Bxg5 Qxd4 14. Bxf6 Rg8 15. Be4 Qxd1+ 16. Rxd1 Nc4 17. b3 Nxe5 18. f4 Ng4 19. Bd4 Bxf4 20. g3 Be5 21. Bxe5 Nxe5 22. Kf2 Bd7 23. Rd2 0-0-0 24. Rhd1 Ng4+ 25. Kf3 f5 26. Bc2 Ne5+ 27. Kf2 c5 28. Ne2 Ng4+ 29. Kg1 Ne3 30. Re1 Bb5 31. Rxd8+ Rxd8 32. Bb1 Bxe2 33. Rxe2 Rd1+ 34. Kf2 Ng4+ 35. Kf3 Rxb1 36. Rxe6 Nxh2+ 37. Kf4 Rf1+ 38. Kg5 Nf3+ 39. Kf6 Nd4 40. Re8+ Kd7 41. Re7+ Kc6 42. Re8 Rg1 43. Rc8+ Kb6 44. Rd8 Rxg3 45. Rd6+ Kb5 46. Rd7 Kc6 47. Rd8 f4 48. Rc8+ Kb6 49. Rf8 f3 50. Ke5 Rg2 51. Ke4 Re2+ 52. Kd3 Rxa2 53. Rf6+ Kb5 54. Rf7 b6 55. Ke3 f2 0-1

[Event "POL-chT U19 2nd League"]
[Site "Borowice"]
[Date "2012.07.28"]
[Round "10"]
[White "Hryn, Zofia"]
[Black "Wasik, Justyna"]
[Result "0-1"]
[WhiteElo "1460"]
[BlackElo "1388"]
[PlyCount "82"]
[EventDate "2012.07.21"]
[EventType "team-swiss"]
[EventRounds "11"]
[EventCountry "POL"]
[SourceTitle "EXT 2014"]
[Source "ChessBase"]
[SourceDate "2013.11.20"]
[SourceVersion "1"]
[SourceVersionDate "2013.11.20"]
[SourceQuality "1"]
[WhiteTeam "Gliwice Akademia Szachowa U19"]
[BlackTeam "Rzeszow RzKSz U19"]
[WhiteTeamCountry "POL"]
[BlackTeamCountry "POL"]

1. e4 c5 2. Nf3 g6 3. d4 cxd4 4. Nxd4 Nf6 5. Nc3 d6 6. Be3 Bg7 7. Be2 Nbd7 8. Qd2 h5 9. 0-0 a6 10. f4 Qc7 11. Bf3 Nb6 12. b3 Bg4 13. h3 Bxf3 14. Rxf3 Rc8 15. Bf2 Nbd7 16. Rc1 b5 17. a3 Nc5 18. Re3 Qa5 19. b4 Qxa3 20. bxc5 Qxc5 21. Nb3 Qc6 22. Nd5 e5 23. Nxf6+ Bxf6 24. g3 0-0 25. Na5 Qd7 26. Rd3 Qxh3 27. Rxd6 Be7 28. Rd7 Bb4 29. Qd5 Bxa5 30. Rd6 exf4 31. Rxg6+ Kh7 32. Rg5 Kh6 33. Qe5 Rg8 34. gxf4 Bc7 35. Qf6+ Rg6 36. Rxg6+ fxg6 37. Bh4 Qe3+ 38. Kg2 Qxe4+ 39. Kh3 Bxf4 40. Rg1 Qf3+ 41. Rg3 Qh1# 0-1

[Event "POL-chT U19 2nd League"]
[Site "Borowice"]
[Date "2012.07.25"]
[Round "6"]
[White "Hryn, Zofia"]
[Black "Sobotka, Elzbieta"]
[Result "0-1"]
[WhiteElo "1460"]
[BlackElo "1538"]
[PlyCount "76"]
[EventDate "2012.07.21"]
[EventType "team-swiss"]
[EventRounds "11"]
[EventCountry "POL"]
[SourceTitle "EXT 2014"]
[Source "ChessBase"]
[SourceDate "2013.11.20"]
[SourceVersion "1"]
[SourceVersionDate "2013.11.20"]
[SourceQuality "1"]
[WhiteTeam "Gliwice Akademia Szachowa U19"]
[BlackTeam "Cieszyn MUKS SZS U19"]
[WhiteTeamCountry "POL"]
[BlackTeamCountry "POL"]

1. e4 e5 2. Nf3 Nc6 3. Bb5 f6 4. 0-0 a6 5. Ba4 Bc5 6. c3 Nge7 7. d4 Ba7 8. Re1 d5 9. Qd3 dxe4 10. Rxe4 Bf5 11. Nbd2 Bxe4 12. Nxe4 f5 13. Neg5 h6 14. Ne6 Qd7 15. Nxg7+ Kf7 16. Nh5 e4 17. Qc4+ Qe6 18. Bb3 Qxc4 19. Bxc4+ Kf8 20. Nf6 exf3 21. Nd7+ Kg7 22. gxf3 Rad8 23. Be6 Ng6 24. Kh1 Nh4 25. f4 Rhe8 26. d5 Rxd7 27. h3 Rde7 28. c4 Nd4 29. Bd2 Nxe6 30. Rg1+ Kh7 31. Bb4 Nc5 32. Bxc5 Bxc5 33. b4 Bxf2 34. Rf1 Re1 35. Rxe1 Rxe1+ 36. Kh2 Bg1+ 37. Kh1 Be3+ 38. Kh2 Bxf4# 0-1